000
00189 a2200097 4500
020
_a
9781368093774
041
_a
eng
100
_a
kiersten White
245
_a
Star Wars padawan
942
_c
BK
999
_c
30749
_d
30747